Statistics for The Way I Loved You (TV) - Taylor Swift (All Lyrics)

Click here to take the quiz!

General Stats

  • This quiz has been taken 35 times
  • The average score is 315 of 341

Answer Stats

Lyrics% Correct
2
100%
a
100%
a,
100%
act
100%
AM
100%
and
100%
And
100%
cursin'
100%
I
100%
I'm
100%
in
100%
it's
100%
It's
100%
love
100%
loved
100%
name
100%
rain
100%
so
100%
So
100%
that
100%
That's
100%
that's
100%
the
100%
way
100%
"You
100%
you
100%
your
100%
But
97%
feel
97%
fightin'
97%
insane
97%
screamin'
97%
fine
93%
He
93%
he
93%
is
93%
kind
93%
kissin'
93%
miss
93%
my
93%
of
93%
perfectly
93%
says
93%
says,
93%
to
93%
acted
90%
beautiful
90%
comin'
90%
could
90%
He's
90%
knew
90%
look
90%
much
90%
Never
90%
never
90%
rollercoaster
90%
rush
90%
tonight"
90%
up
90%
all
86%
are
86%
breakin'
86%
Breakin'
86%
business
86%
charming
86%
door
86%
down
86%
father
86%
friends
86%
hear
86%
jealous
86%
me
86%
mother
86%
need
86%
single
86%
Talks
86%
undone
86%
with
86%
anything
83%
ask
83%
better
83%
calls
83%
car
83%
close
83%
comfortable
83%
couldn't
83%
everything
83%
exactly
83%
for
83%
get
83%
his
83%
incredible
83%
into
83%
Just
83%
like
83%
makes
83%
opens
83%
respects
83%
sensible
83%
wait
83%
when
83%
at
79%
'Cause
79%
endearing
79%
space
79%
will
79%
can't
76%
fakin'
76%
feelin'
76%
heart's
76%
intoxicatin'
76%
not
76%
see
76%
smile
76%
crazy
72%
were
72%
wild
72%
frustrating,
69%
mistake
69%
oh,
69%
oh
69%
Oh,
69%
now
66%
away
59%
by
59%
Got
59%
some
59%
complicated
52%
Woah,
41%
woah,
41%
woah
41%

Score Distribution

Percentile by Number Answered

Percent of People with Each Score

Your Score History

You have not taken this quiz